000 00307pam a2200121a 44500
008 230405s2019 xxu||||| |||| 00| 0 eng d
041 _aENG
100 _aMathews & Venkatesan
245 _aA Textbook of Quantum Mechanics
260 _aNew Delhi
_bMcGraw Hill Edu.
_c2019
300 _a466
906 _a19121
999 _c309619
_d309619